| 000 | 00750nam a2200169 a 4500 | ||
|---|---|---|---|
| 020 | _a9280711075 reprint | ||
| 082 |
_a42994 _bENV _cD |
||
| 100 | 1 |
_aClavel, Maurice. _938153 |
|
| 245 | 1 | 0 |
_aEnvironmental aspects of transportation in cities : _bbasic guidelines for an environmentally sound transportation system in urban areas. |
| 260 |
_a[Paris, France?] : _bIndustry and Environment Office, United Nations Environment Programme, _cc1986. |
||
| 300 |
_av, 23 p. : _bill. ; _c30 cm. |
||
| 526 |
_a0 _b0 _c0 _d42994_000000000000000_ENV |
||
| 650 | 0 |
_aTransportation, Automotive _xEnvironmental aspects. _938154 |
|
| 650 | 0 |
_aUrban transportation _xEnvironmental aspects. _938155 |
|
| 710 | 2 |
_aUnited Nations Environment Programme. _96136 |
|
| 942 |
_2ddc _cBK |
||
| 999 |
_c542805 _d542805 |
||